002920000a22001210004500060000800000082001900008100002000027245003400047260004500081260000900126300000800135650002700143 a100 a582.130 44 EAM aEames, Arthur J aMorphology of the angiosperms aNew York, Mc Graw- Hill Book Company Inc c1961 a518 aAngiosperms Morphology